000 00231nam a22000857a 4500
008 160706b xxu||||| |||| 00| 0 eng d
100 _92297
_a Anand, U
245 _aThe Pool in the Jungle
260 _aNew Delhi
_bNational Book Trust
_c1983
999 _c1978
_d1978